00320nam a2200133Ia 4500008004100000020001500041041001200056082001100068100001400079245004000093260003300133300000800166650001200174221030s9999 xx 000 0 und d a8126510450 aEnglish a105.23 aC. Kittel 0aIntroduction to Solid State Physics bWilley Pub.aNew Delhic2007 a673 aPhysics